|
|
|
|
| LEADER |
00000cam a22000004a 4500 |
| 001 |
musev2_12014 |
| 003 |
MdBmJHUP |
| 005 |
20230905041336.0 |
| 006 |
m o d |
| 007 |
cr||||||||nn|n |
| 008 |
080306s2008 pau o 00 0 eng d |
| 010 |
|
|
|z 2008010532
|
| 020 |
|
|
|a 9780812204094
|
| 020 |
|
|
|z 9780812220377
|
| 035 |
|
|
|a (OCoLC)794702270
|
| 040 |
|
|
|a MdBmJHUP
|c MdBmJHUP
|
| 050 |
0 |
4 |
|a HT241
|b .G76 2008
|
| 082 |
0 |
|
|a 307.76
|2 22
|
| 245 |
0 |
0 |
|a Growing Greener Cities :
|b Urban Sustainability in the Twenty-First Century /
|c edited by Eugenie L. Birch and Susan M. Wachter.
|
| 264 |
|
1 |
|a Philadelphia :
|b University of Pennsylvania Press,
|c 2008.
|
| 264 |
|
3 |
|a Baltimore, Md. :
|b Project MUSE,
|c 2012
|
| 264 |
|
4 |
|c ©2008.
|
| 300 |
|
|
|a 1 online resource (424 pages):
|b ill. (some col.), maps (some col.) ;
|
| 336 |
|
|
|a text
|b txt
|2 rdacontent
|
| 337 |
|
|
|a computer
|b c
|2 rdamedia
|
| 338 |
|
|
|a online resource
|b cr
|2 rdacarrier
|
| 490 |
0 |
|
|a The city in the twenty-first century
|
| 504 |
|
|
|a Includes bibliographical references and index.
|
| 505 |
0 |
|
|a Preface: common ground, common good / Amy Gutmann -- Introduction: urban greening and the green city ideal / Eugenie L. Birch and Susan M. Wachter -- Greening at every scale: nation to roof tops -- Taking the initiative: why cities are greening now / Tom Daniels -- Growing greener regions / Robert D. Yaro and David M. Kooris -- The inter-regional dimension: the greening of London and the wider South East / Robin Thompson -- Greening cities: a public realm approach / Alexander Garvin -- Growing greener, New York style / Rachel Weinberger -- Greener homes, greener cities: expanding affordable housing and strengthening cities through sustainable residential development / Stockton Williams and Dana L. Bourland -- Getting greening done -- Urban stream restoration: recovering ecological services in degraded watersheds / Rutherford H. Platt ... [et al.] -- The role of citizen activists in urban infrastructure development / Paul R. Brown -- Blue-green practices: why they work and why they have been so difficult to implement through public policy / Charlie Miller -- The roots of the urban greening movement / Victor Rubin -- Leveraging media for social change / Harry Wiland and Dale Bell -- Transformation through greening / J. Blaine Bonham, Jr., and Patricia L. Smith -- Community development finance and the green city / Jeremy Nowak -- Growing edible cities / Domenic Vitiello -- Measuring urban greening -- Ecosystem services and the green city / Dennis D. Hirsch -- Metro nature: its functions, benefits, and values / Kathleen L. Wolf -- Green investment strategies: how they matter for urban neighborhoods / Susan M. Wachter, Kevin C. Gillen, and Carolyn R. Brown -- Measuring the economic impacts of greening: the center for neighborhood technology green values calculator / Julia Kennedy, Peter Haas, and Bill Eyring -- What makes today's green city? / Warren Karlenzig -- Afterword / Neal Peirce -- List of contributors.
|
| 588 |
|
|
|a Description based on print version record.
|
| 650 |
|
0 |
|a Urban beautification
|x Environmental aspects.
|
| 650 |
|
0 |
|a City planning
|x Environmental aspects.
|
| 650 |
|
0 |
|a Urban ecology (Sociology)
|
| 655 |
|
7 |
|a Electronic books.
|2 local
|
| 700 |
1 |
|
|a Wachter, Susan M.
|
| 700 |
1 |
|
|a Birch, Eugenie Ladner.
|
| 710 |
2 |
|
|a Project Muse.
|e distributor
|
| 830 |
|
0 |
|a City in the twenty-first century book series.
|
| 830 |
|
0 |
|a Book collections on Project MUSE.
|
| 856 |
4 |
0 |
|z Texto completo
|u https://projectmuse.uam.elogim.com/book/12014/
|
| 945 |
|
|
|a Project MUSE - Custom Collection
|
| 945 |
|
|
|a Project MUSE - Archive Complete Foundation
|
| 945 |
|
|
|a Project MUSE - Archive Political Science and Policy Studies Foundation
|